000 00869nab a2200253 u 4500
001 20606
003 HDC
007 cr bn ---aaaaa
008 210306c |r|noo 0 a d
040 _aHDC
100 _aBoon, Peter,
_eauthor
_912190
245 0 _aMINISTRY: WEIGHING SCALES MUST BE RE-VERIFIED ANNUALLY /
_cby Peter Boon
260 _a[No place] :
_b[publisher not identified],
_c2017
336 _atext
_2rdacontent
337 _acomputer
_2rdamedia
338 _aonline resource
_2rdacarrier
650 _aSupermarket
_99240
650 _aWeighing and measuring instrument
_918573
710 _aTHE BORNEO POST
856 _zRequest full-text at [email protected]
942 _2lcc
942 _cNEWS
942 _kNWSO 010023
999 _c17922
_d17922